000 00201 a2200109 4500
020 _a30008626
041 _aeng
100 _aKlein, Naomi
245 _aThe Shock Doctrine
942 _cBK
952 _74
999 _c19345
_d19345